LEADER 01529nam 2200397Ia 450 001 9910697770503321 005 20081030085014.0 035 $a(CKB)5470000002391266 035 $a(OCoLC)264995067 035 $a(EXLCZ)995470000002391266 100 $a20081030d1979 ua 0 101 0 $aeng 135 $aurbn||||||||| 181 $ctxt$2rdacontent 182 $cc$2rdamedia 183 $acr$2rdacarrier 200 10$aRecovery systems design guide$b[electronic resource] /$fIrvin Industries Inc., California Division ; E.G. Ewing, H.W. Bixby, T.W. Knacke 210 1$aWright-Patterson Air Force Base, Ohio :$c[Dept. of Defense], Dept. of the Air Force, Systems Command, Air Force Wright Aeronautical Laboratories, Air Force Flight Dynamics Laboratory,$d[1978, i.e. 1979] 215 $axli, 458 pages $cdigital, PDF file 225 1 $aTechnical report - Air Force Flight Dynamics Laboratory ;$vAFFDL-TR-78-151 300 $aTitle from title screen (viewed on Sept. 29, 2008). 300 $a"December 1978." 320 $aIncludes bibliographical references and index. 606 $aParachutes 615 0$aParachutes. 700 $aEwing$b E. G$01405680 701 $aBixby$b H. W$01405681 701 $aKnacke$b T. W$01405682 712 02$aIrvin Industries Inc.$bCalifornia Division. 712 02$aAir Force Flight Dynamics Laboratory (U.S.) 801 0$bGPO 801 1$bGPO 906 $aBOOK 912 $a9910697770503321 996 $aRecovery systems design guide$93482720 997 $aUNINA